| 000 | 00890nab a2200253 u 4500 | ||
|---|---|---|---|
| 001 | 10813 | ||
| 003 | HDC | ||
| 007 | cr bn ---aaaaa | ||
| 008 | 210201b20121025my ||||| |||| 00| 0 may d | ||
| 040 | _aHDC | ||
| 245 | 0 | _aKopi untuk kesihatan : Guana Cappuccino keluaran Terang Bulan mempunyai pelbagai khasiat untuk lelaki dan wanita | |
| 260 |
_aKuala Lumpur : _bUtusan Melayu (M) Bhd., _c2012 |
||
| 300 | _a1 online resource | ||
| 336 |
_atext _2rdacontent |
||
| 337 |
_acomputer _2rdamedia |
||
| 338 |
_aonline resource _2rdacarrier |
||
| 650 |
_aHalal food _950 |
||
| 650 |
_aLogo classification _9918 |
||
| 710 |
_aUtusan Malaysia _eissung body |
||
| 856 | _zRequest full-text at [email protected] | ||
| 942 | _2lcc | ||
| 942 | _cNEWS | ||
| 942 | _kNWSC 003089 | ||
| 999 |
_c8136 _d8136 |
||